Forensis 2002 : (Registro nro. 5987)
[ vista simple ]
| 000 -LEADER | |
|---|---|
| fixed length control field | 01203nam a2200241Ia 4500 |
| 003 - CONTROL NUMBER IDENTIFIER | |
| control field | OSt |
| 005 - DATE AND TIME OF LATEST TRANSACTION | |
| control field | 20200810195202.0 |
| 008 - FIXED-LENGTH DATA ELEMENTS--GENERAL INFORMATION | |
| fixed length control field | 191128s2002 ck abdogr 000 0 spa d |
| 020 ## - INTERNATIONAL STANDARD BOOK NUMBER | |
| International Standard Book Number | 9589695949 |
| 040 ## - CATALOGING SOURCE | |
| Original cataloging agency | CO-JMCR |
| Transcribing agency | CO-JMCR |
| 041 0# - LANGUAGE CODE | |
| Language code of text/sound track or separate title | spa |
| 082 04 - DEWEY DECIMAL CLASSIFICATION NUMBER | |
| Classification number | 364.9861 / |
| Item number | I577f |
| Edition number | 23 |
| 110 2# - MAIN ENTRY--CORPORATE NAME | |
| Corporate name or jurisdiction name as entry element | Instituto Nacional de Medicina Legal y Ciencias Forenses |
| 9 (RLIN) | 8539 |
| 245 20 - TITLE STATEMENT | |
| Title | Forensis 2002 : |
| Remainder of title | datos para la vida : herramienta para la interpretación, intervención y prevención del hecho violento en Colombia / |
| Statement of responsibility, etc. | Instituto Nacional de Medicina Legal y Ciencias Forenses |
| 250 ## - EDITION STATEMENT | |
| Edition statement | Primera edición |
| 260 ## - PUBLICATION, DISTRIBUTION, ETC. | |
| Place of publication, distribution, etc. | Bogotá : |
| Name of publisher, distributor, etc. | Instituto Nacional de Medicina Legal y Ciencias Forenses, |
| Date of publication, distribution, etc. | 2002. |
| 300 ## - PHYSICAL DESCRIPTION | |
| Extent | 298 páginas : |
| Other physical details | ilustracione, gráficos, fotografías, mapas a color ; |
| Dimensions | 28 cm. |
| 505 0# - FORMATTED CONTENTS NOTE | |
| Formatted contents note | La violencia en Colombia durante el 2002 -- Caracterización del homicidio en Colombia -- Violencia intrafamiliar -- La sexualidad por acuerdo -- Muertes en accidentes de tránsito -- Lesiones en accidentes de tránsito -- Muertes accidentales |
| 650 24 - SUBJECT ADDED ENTRY--TOPICAL TERM | |
| Topical term or geographic name entry element | Lesiones corporales |
| Geographic subdivision | Colombia |
| 9 (RLIN) | 8540 |
| 650 24 - SUBJECT ADDED ENTRY--TOPICAL TERM | |
| Topical term or geographic name entry element | Estadísticas |
| 9 (RLIN) | 8541 |
| 650 24 - SUBJECT ADDED ENTRY--TOPICAL TERM | |
| Topical term or geographic name entry element | Publicaciones seriadas |
| 9 (RLIN) | 8542 |
| 942 ## - ADDED ENTRY ELEMENTS (KOHA) | |
| Source of classification or shelving scheme | Dewey Decimal Classification |
| Koha item type | Books |
| Withdrawn status | Lost status | Source of classification or shelving scheme | Materials specified (bound volume or other part) | Damaged status | Not for loan | Home library | Current library | Shelving location | Date acquired | Source of acquisition | Full call number | Barcode | Date last seen | Copy number | Price effective from | Koha item type |
|---|---|---|---|---|---|---|---|---|---|---|---|---|---|---|---|---|
| Dewey Decimal Classification | Donación--15/04/2018-- | Biblioteca Pública José María del Castillo y Rada | Biblioteca Pública José María del Castillo y Rada | General Stacks | 11/28/2019 | Donación | 364.9861 / I577f | 430011329 | 05/16/2024 | Ej.1 | 11/28/2019 | Books |